[Event "DSJ Weihnachtsturnier U20w 2020"]
[Site "https://play.chessbase.com/en/play?room=DSJWeihnachtU20w"]
[Date "2020.12.29"]
[Round "6"]
[White "Rogozenco, Teodora"]
[Black "Ziegenfuß, Antonia"]
[Result "1/2-1/2"]
[Termination "normal"]
[Board "5.1"]
[WhiteTitle "WFM"]
[BlackTitle "WFM"]
[WhiteElo "1978"]
[BlackElo "2101"]
[WhiteTeam "Hamburger SK von 1830"]
[BlackTeam "OSG Baden-Baden"]
[PlyCount "108"]
[WhiteFideId "12938084"]
[BlackFideId "12962554"]
[EventRounds "7"]
[EventType "team-swiss"]
[EventDate "2020.12.29"]

1. d4 {[%emt 0:00:09]} Nf6 {[%emt 0:00:01]} 2. c4 {[%emt 0:00:03]} e6 {[%emt 0:
00:02]} 3. Nc3 {[%emt 0:00:03]} d5 {[%emt 0:00:01]} 4. Bg5 {[%emt 0:00:03]} Be7
{[%emt 0:00:01]} 5. Nf3 {[%emt 0:00:01]} Nbd7 {[%emt 0:00:02]} 6. e3 {[%emt 0:
00:04]} h6 {[%emt 0:00:01]} 7. Bh4 {[%emt 0:00:03]} O-O {[%emt 0:00:01]} 8. Rc1
{[%emt 0:00:04]} c5 {[%emt 0:00:01]} 9. dxc5 {[%emt 0:00:21]} dxc4 {[%emt 0:00:
03]} 10. Bxc4 {[%emt 0:00:03]} Nxc5 {[%emt 0:00:01]} 11. O-O {[%emt 0:00:02]}
a6 {[%emt 0:00:06]} 12. Qxd8 {[%emt 0:00:25]} Rxd8 {[%emt 0:00:03]} 13. b4 {
[%emt 0:00:17]} Ncd7 {[%emt 0:00:08]} 14. b5 {[%emt 0:00:14]} Nb6 {[%emt 0:00:
13]} 15. Bb3 {[%emt 0:00:02]} Bd7 {[%emt 0:00:08]} 16. bxa6 {[%emt 0:00:10]}
bxa6 {[%emt 0:00:08]} 17. Ne5 {[%emt 0:00:01]} Be8 {[%emt 0:00:21]} 18. Ne2 {
[%emt 0:00:09]} g5 {[%emt 0:00:44]} 19. Bg3 {[%emt 0:00:03]} Ne4 {[%emt 0:00:
55]} 20. Nc6 {[%emt 0:00:13]} Bxc6 {[%emt 0:00:06]} 21. Rxc6 {[%emt 0:00:02]}
Nxg3 {[%emt 0:00:04]} 22. Nxg3 {[%emt 0:00:07]} Nd5 {[%emt 0:00:03]} 23. Rd1 {
[%emt 0:01:08]} Rac8 {[%emt 0:00:23]} 24. Rxa6 {[%emt 0:00:06]} Nb4 {[%emt 0:
00:16]} 25. Rxd8+ {[%emt 0:00:17]} Bxd8 {[%emt 0:01:05]} 26. Rd6 {[%emt 0:01:
05]} Rc1+ {[%emt 0:00:11]} 27. Nf1 {[%emt 0:00:07]} Bc7 {[%emt 0:00:08]} 28.
Rd4 {[%emt 0:00:19]} Na6 {[%emt 0:00:22]} 29. Rd1 {[%emt 0:00:16]} Rc6 { [%emt
0:00:26]} 30. Ng3 {[%emt 0:00:46]} Kg7 {[%emt 0:01:08]} 31. Ne4 {[%emt 0:
01:16]} f5 {[%emt 0:00:04]} 32. Rd7+ {[%emt 0:00:34]} Kg6 {[%emt 0:00:09]} 33.
Ng3 {[%emt 0:00:08]} Nc5 {[%emt 0:00:16]} 34. Rd1 {[%emt 0:00:09]} Nxb3 { [%emt
0:00:03]} 35. axb3 {[%emt 0:00:02]} Rc2 {[%emt 0:00:31]} 36. Rb1 { [%emt
0:00:04]} Bxg3 {[%emt 0:00:14]} 37. hxg3 {[%emt 0:00:04]} Kf6 {[%emt 0: 00:00]}
38. b4 {[%emt 0:00:01]} Ke5 {[%emt 0:00:02]} 39. b5 {[%emt 0:00:01]} Kd6 {[%emt
0:00:06]} 40. b6 {[%emt 0:00:03]} Rc8 {[%emt 0:00:04]} 41. Kf1 { [%emt
0:00:19]} Rb8 {[%emt 0:00:03]} 42. Ke2 {[%emt 0:00:01]} Kc6 {[%emt 0:00: 01]}
43. Kd3 {[%emt 0:00:03]} Rxb6 {[%emt 0:00:01]} 44. Rxb6+ {[%emt 0:00:02]} Kxb6
{[%emt 0:00:03]} 45. Kd4 {[%emt 0:00:01]} Kc6 {[%emt 0:00:09]} 46. Ke5 { [%emt
0:00:01]} Kd7 {[%emt 0:00:01]} 47. Kf6 {[%emt 0:00:06]} g4 {[%emt 0:00: 17]}
48. Kg6 {[%emt 0:00:48]} Ke7 {[%emt 0:00:14]} 49. Kxh6 {[%emt 0:00:02]} Kf6
{[%emt 0:00:03]} 50. Kh5 {[%emt 0:00:04]} e5 {[%emt 0:00:29]} 51. f3 { [%emt
0:00:15]} f4 {[%emt 0:00:36]} 52. gxf4 {[%emt 0:00:07]} exf4 {[%emt 0:00: 10]}
53. exf4 {[%emt 0:00:11]} gxf3 {[%emt 0:00:01]} 54. gxf3 {[%emt 0:00:01]} Kf5
{[%emt 0:00:01] HSK02-001 offers a draw Arbiter Decision (Draw by material) ,
result=1} 1/2-1/2

[Event "DSJ Weihnachtsturnier U20w 2020"]
[Site "https://play.chessbase.com/en/play?room=DSJWeihnachtU20w"]
[Date "2020.12.29"]
[Round "6"]
[White "Ziegenfuß, Larissa"]
[Black "Hubert, Charlotte"]
[Result "1-0"]
[Termination "normal"]
[Board "5.2"]
[WhiteElo "1752"]
[BlackElo "1549"]
[WhiteTeam "OSG Baden-Baden"]
[BlackTeam "Hamburger SK von 1830"]
[PlyCount "55"]
[WhiteFideId "12974722"]
[BlackFideId "16265920"]
[EventRounds "7"]
[EventType "team-swiss"]
[EventDate "2020.12.29"]

1. e4 {[%emt 0:00:02]} c5 {[%emt 0:00:02]} 2. Nf3 {[%emt 0:00:01]} d6 {[%emt 0:
00:02]} 3. d4 {[%emt 0:00:01]} cxd4 {[%emt 0:00:01]} 4. Nxd4 {[%emt 0:00:01]}
Nf6 {[%emt 0:00:01]} 5. f3 {[%emt 0:00:01]} e5 {[%emt 0:00:08]} 6. Nb3 { [%emt
0:00:01]} Be7 {[%emt 0:00:03]} 7. c4 {[%emt 0:00:01]} Be6 {[%emt 0:00:25] } 8.
Nc3 {[%emt 0:00:08]} a6 {[%emt 0:00:25]} 9. Be3 {[%emt 0:00:03]} Nbd7 { [%emt
0:00:07]} 10. Be2 {[%emt 0:00:02]} O-O {[%emt 0:00:10]} 11. O-O {[%emt 0:
00:02]} Nh5 {[%emt 0:01:00]} 12. Qd2 {[%emt 0:00:09]} f5 {[%emt 0:00:42]} 13.
Nd5 {[%emt 0:00:20]} f4 {[%emt 0:00:29]} 14. Bf2 {[%emt 0:00:05]} Bxd5 { [%emt
0:01:11]} 15. Qxd5+ {[%emt 0:00:17]} Kh8 {[%emt 0:00:07]} 16. Qxb7 { [%emt
0:00:11]} Rb8 {[%emt 0:01:21]} 17. Qxa6 {[%emt 0:00:54]} Rf6 {[%emt 0:00: 39]}
18. Qa5 {[%emt 0:00:12]} Qe8 {[%emt 0:00:24]} 19. Qd2 {[%emt 0:00:31]} Qg6
{[%emt 0:00:12]} 20. Bh4 {[%emt 0:00:13]} Rbf8 {[%emt 0:01:10]} 21. Bxf6 {
[%emt 0:00:09]} Rxf6 {[%emt 0:00:03]} 22. c5 {[%emt 0:00:19]} Nxc5 {[%emt 0:00:
29]} 23. Nxc5 {[%emt 0:00:11]} dxc5 {[%emt 0:00:01]} 24. Bc4 {[%emt 0:00:13]}
Rd6 {[%emt 0:00:41]} 25. Qc3 {[%emt 0:00:35]} Bg5 {[%emt 0:00:52]} 26. Rad1 {
[%emt 0:00:18]} Rc6 {[%emt 0:00:06]} 27. Qxe5 {[%emt 0:00:09]} Bf6 {[%emt 0:00:
03]} 28. Qb8+ {[%emt 0:00:06]} 1-0

[Event "DSJ Weihnachtsturnier U20w 2020"]
[Site "https://play.chessbase.com/en/play?room=DSJWeihnachtU20w"]
[Date "2020.12.29"]
[Round "6"]
[White "Wartenberg, Alissa"]
[Black "Visvikis, Kassandra"]
[Result "0-1"]
[Termination "normal"]
[Board "5.3"]
[WhiteElo "1562"]
[BlackElo "1610"]
[WhiteTeam "Hamburger SK von 1830"]
[BlackTeam "OSG Baden-Baden"]
[PlyCount "100"]
[WhiteFideId "16280741"]
[BlackFideId "36052167"]
[EventRounds "7"]
[EventType "team-swiss"]
[EventDate "2020.12.29"]

1. e4 {[%emt 0:00:17]} e5 { [%emt 0:00:04]} 2. Nf3 {[%emt 0:00:02] HSK02-003
received Ill MvData=1. e7-e5 (353cs)} Nc6 {[%emt 0:00:02]} 3. Nc3 {[%emt
0:00:02] HSK02-003 received Ill MvData=3. b8-c6 (209cs)} Nf6 {[%emt 0:00:04]}
4. d4 {[%emt 0:00:01] HSK02-003 received Ill MvData=5. g8-f6 (377cs)} exd4
{[%emt 0:00:05]} 5. Nxd4 {[%emt 0: 00:02] HSK02-003 received Ill MvData=7.
e5-d4 (515cs)} Bc5 {[%emt 0:00:17] HSK02-003 kibitzing!?} 6. Nxc6 {[%emt
0:00:06]} bxc6 {[%emt 0:00:03]} 7. Bd3 { [%emt 0:00:03] HSK02-003 : My f1d3
repeat. Baden2-003 kibitzing!?} d6 {[%emt 0: 00:07] HSK02-003 kibitzing!?} 8.
Bg5 {[%emt 0:00:11]} h6 {[%emt 0:00:06] HSK02-003 kibitzing!?} 9. Bh4 {[%emt
0:00:06]} a5 {[%emt 0:00:50] HSK02-003 kibitzing!?} 10. Qf3 {[%emt 0:00:11]}
Bd4 {[%emt 0:00:13] HSK02-003 kibitzing!? } 11. O-O {[%emt 0:00:14]} Bd7 {[%emt
0:00:09] HSK02-003 kibitzing!?} 12. h3 { [%emt 0:00:04]} O-O {[%emt 0:00:06]
HSK02-003 kibitzing!?} 13. Rfd1 {[%emt 0: 00:36]} Re8 {[%emt 0:00:18] HSK02-003
kibitzing!?} 14. Bc4 {[%emt 0:00:21]} Bxc3 {[%emt 0:00:09] HSK02-003
kibitzing!?} 15. bxc3 {[%emt 0:00:14]} g5 { [%emt 0:00:45] HSK02-003
kibitzing!?} 16. Bg3 {[%emt 0:00:16]} Rxe4 {[%emt 0: 00:06] HSK02-003
kibitzing!?} 17. Bd3 {[%emt 0:00:06]} g4 {[%emt 0:00:13] HSK02-003 kibitzing!?}
18. Qxe4 {[%emt 0:00:50]} Nxe4 {[%emt 0:00:05]} 19. Bxe4 {[%emt 0:00:03]
HSK02-003 received Ill MvData=35. f6-e4 (513cs)} d5 {[%emt 0: 00:02] HSK02-003
kibitzing!?} 20. Bd3 {[%emt 0:00:04]} gxh3 {[%emt 0:00:06] HSK02-003
kibitzing!?} 21. gxh3 {[%emt 0:00:09]} Bxh3 {[%emt 0:00:03] HSK02-003
kibitzing!?} 22. Kh2 {[%emt 0:00:06]} Bg4 {[%emt 0:00:13] HSK02-003
kibitzing!?} 23. Rg1 {[%emt 0:00:07]} Kf8 {[%emt 0:00:15] HSK02-003 kibitzing!?
} 24. Rae1 {[%emt 0:00:06]} Qg5 {[%emt 0:00:12] HSK02-003 kibitzing!?} 25. Rh1
{[%emt 0:01:44]} Bf3 {[%emt 0:00:17] HSK02-003 kibitzing!?} 26. Kg1 {[%emt 0:
00:39]} Bxh1 {[%emt 0:00:11]} 27. Kxh1 {[%emt 0:00:03] HSK02-003 received Ill
MvData=51. f3-h1 (1122cs)} Re8 {[%emt 0:00:13] HSK02-003 kibitzing!?} 28. Rg1 {
[%emt 0:00:07]} Qh5+ {[%emt 0:00:23] HSK02-003 kibitzing!?} 29. Kg2 {[%emt 0:
00:05] HSK02-003 reconnected.} d4 {[%emt 0:01:02] HSK02-003 kibitzing!?
HSK02-003 reconnected.} 30. cxd4 {[%emt 0:00:21]} Qd5+ {[%emt 0:00:03]
HSK02-003 kibitzing!?} 31. Kh2 {[%emt 0:00:07]} Qxd4 {[%emt 0:00:12] HSK02-003
kibitzing!?} 32. Rh1 {[%emt 0:00:24] HSK02-003 reconnected.} h5 {[%emt 0:01:00]
HSK02-003 kibitzing!? HSK02-003 reconnected.} 33. Kg2 {[%emt 0:00:53]} Qd5+ {
[%emt 0:00:07] HSK02-003 kibitzing!?} 34. Kh2 {[%emt 0:00:18]} Qxa2 {[%emt 0:
00:04] HSK02-003 reconnected. HSK02-003 kibitzing!?} 35. Kg2 {[%emt 0:00:13]}
Qd5+ {[%emt 0:00:08]} 36. Kh2 {[%emt 0:00:03] HSK02-003 received Ill MvData=69.
a2-d5 (777cs)} a4 {[%emt 0:00:11] HSK02-003 kibitzing!?} 37. Bf4 {[%emt 0:00:
15]} a3 {[%emt 0:00:08] HSK02-003 kibitzing!?} 38. Bh6+ {[%emt 0:00:07]} Ke7 {
[%emt 0:00:05] HSK02-003 kibitzing!?} 39. Re1+ {[%emt 0:00:06]} Kd8 {[%emt 0:
00:06] HSK02-003 kibitzing!?} 40. Rd1 {[%emt 0:00:09]} Qd6+ {[%emt 0:00:04]
HSK02-003 kibitzing!?} 41. Kg2 {[%emt 0:00:16]} Qxh6 {[%emt 0:00:01]} 42. Bf5+
{[%emt 0:00:02] HSK02-003 received Ill MvData=81. d6-h6 (149cs)} Ke7 {[%emt 0:
00:08]} 43. Rd7+ {[%emt 0:00:03] HSK02-003 received Ill MvData=83. d8-e7
(756cs)} Kf8 {[%emt 0:00:01] HSK02-003 kibitzing!?} 44. Bh3 {[%emt 0:00:07]}
Qg6+ {[%emt 0:00:11]} 45. Kh2 {[%emt 0:00:03] HSK02-003 kibitzing!?} Qxc2 {
[%emt 0:00:02] HSK02-003 reconnected.} 46. Rxc7 {[%emt 0:00:13]} a2 {[%emt 0:
00:05] HSK02-003 kibitzing!?} 47. Ra7 {[%emt 0:00:09]} Qxf2+ {[%emt 0:00:02]}
48. Bg2 {[%emt 0:00:02]} Re2 {[%emt 0:00:01] HSK02-003 kibitzing!? HSK02-003
reconnected.} 49. Ra8+ {[%emt 0:00:14]} Kg7 {[%emt 0:00:01] HSK02-003
kibitzing!?} 50. Rxa2 {[%emt 0:00:04]} Qxg2# {[%emt 0:00:02]

[Event "DSJ Weihnachtsturnier U20w 2020"]
[Site "https://play.chessbase.com/en/play?room=DSJWeihnachtU20w"]
[Date "2020.12.29"]
[Round "6"]
[White "Oswald, Lena"]
[Black "Zhou, Lepu Coco"]
[Result "0-1"]
[Termination "normal"]
[Board "6.1"]
[WhiteElo "1768"]
[BlackElo "1882"]
[WhiteTeam "Schachgemeinschaft Leipzig"]
[BlackTeam "SC Weisse Dame"]
[PlyCount "48"]
[WhiteFideId "12983314"]
[BlackFideId "16217136"]
[EventRounds "7"]
[EventType "team-swiss"]
[EventDate "2020.12.29"]

1. e4 {[%emt 0:00:02]} e5 {[%emt 0:00:02]} 2. Nf3 {[%emt 0:00:02]} Nc6 { [%emt
0:00:04]} 3. Bc4 {[%emt 0:00:03]} Nf6 {[%emt 0:00:02]} 4. d4 {[%emt 0:00: 04]}
exd4 {[%emt 0:00:03]} 5. O-O {[%emt 0:00:05]} Bc5 {[%emt 0:00:12]} 6. e5 {
[%emt 0:00:06]} d5 {[%emt 0:00:01]} 7. exf6 {[%emt 0:00:24]} dxc4 {[%emt 0:00:
03]} 8. fxg7 {[%emt 0:00:04]} Rg8 {[%emt 0:00:04]} 9. Bg5 {[%emt 0:00:06]} Be7
{[%emt 0:00:05]} 10. Re1 {[%emt 0:00:07]} Be6 {[%emt 0:00:10]} 11. Bxe7 { [%emt
0:00:08]} Kxe7 {[%emt 0:00:03]} 12. Na3 {[%emt 0:00:32]} Qd5 {[%emt 0:00: 10]}
13. Qd2 {[%emt 0:00:36]} Rxg7 {[%emt 0:00:09]} 14. Nh4 {[%emt 0:00:47]} Rag8
{[%emt 0:00:53]} 15. g3 {[%emt 0:00:10]} Rg4 {[%emt 0:00:17]} 16. Ng2 { [%emt
0:00:20]} Ne5 {[%emt 0:00:06]} 17. Rxe5 {[%emt 0:00:27]} Qxe5 {[%emt 0: 00:05]}
18. Re1 {[%emt 0:00:03]} Re4 {[%emt 0:00:24]} 19. Rd1 {[%emt 0:00:20]} c5
{[%emt 0:00:36]} 20. Qa5 {[%emt 0:00:16]} Bh3 {[%emt 0:00:35]} 21. Qxa7 { [%emt
0:00:15]} Qd5 {[%emt 0:00:07]} 22. Qb6 {[%emt 0:00:52]} Bxg2 {[%emt 0:00: 26]}
23. Qc7+ {[%emt 0:00:17]} Kf6 {[%emt 0:00:06]} 24. Nb5 {[%emt 0:01:10]} Bh3
{[%emt 0:00:35]} 0-1

[Event "DSJ Weihnachtsturnier U20w 2020"]
[Site "https://play.chessbase.com/en/play?room=DSJWeihnachtU20w"]
[Date "2020.12.29"]
[Round "6"]
[White "Fayngold, Sophie"]
[Black "Oswald, Hannah"]
[Result "0-1"]
[Termination "normal"]
[Board "6.2"]
[WhiteElo "1222"]
[BlackElo "1675"]
[WhiteTeam "SC Weisse Dame"]
[BlackTeam "Schachgemeinschaft Leipzig"]
[PlyCount "172"]
[WhiteFideId "16244761"]
[BlackFideId "16214960"]
[EventRounds "7"]
[EventType "team-swiss"]
[EventDate "2020.12.29"]

1. e4 {[%emt 0:00:14]} e5 {[%emt 0:00:03]} 2. Nf3 {[%emt 0:00:02]} Nc6 { [%emt
0:00:02]} 3. Bc4 {[%emt 0:00:02]} Bc5 {[%emt 0:00:03]} 4. d3 {[%emt 0:00: 02]}
Nf6 {[%emt 0:00:03]} 5. Bg5 {[%emt 0:00:02]} h6 {[%emt 0:00:03]} 6. Bh4 { [%emt
0:00:02]} d6 {[%emt 0:00:04]} 7. Nc3 {[%emt 0:00:01]} Bg4 {[%emt 0:00:38] } 8.
Qd2 {[%emt 0:00:09]} Be6 {[%emt 0:00:15]} 9. Bb3 {[%emt 0:00:06]} g5 { [%emt
0:00:11]} 10. Bg3 {[%emt 0:00:04]} Qd7 {[%emt 0:00:12]} 11. O-O-O { [%emt
0:00:09]} O-O-O {[%emt 0:00:03]} 12. Kb1 {[%emt 0:00:11]} Kb8 {[%emt 0: 00:36]}
13. h4 {[%emt 0:00:20]} g4 {[%emt 0:00:29]} 14. Nh2 {[%emt 0:00:12]} h5 {[%emt
0:00:03]} 15. f3 {[%emt 0:00:04]} Rdg8 {[%emt 0:00:12]} 16. Bf2 { [%emt
0:01:06]} Bxf2 {[%emt 0:00:08]} 17. fxg4 {[%emt 0:00:57]} Bb6 {[%emt 0: 00:19]}
18. gxh5 {[%emt 0:00:21]} Nxh5 {[%emt 0:00:10]} 19. Nf3 {[%emt 0:00:10] } Ng3
{[%emt 0:00:12]} 20. Rhe1 {[%emt 0:00:21]} Nd4 {[%emt 0:00:28]} 21. Nxd4 {[%emt
0:01:16]} Bxd4 {[%emt 0:00:11]} 22. Nd5 {[%emt 0:00:17]} Rg6 {[%emt 0: 00:42]}
23. c3 {[%emt 0:00:18]} Bb6 {[%emt 0:00:19]} 24. d4 {[%emt 0:01:40]} Bg4 {[%emt
0:00:15]} 25. Rc1 {[%emt 0:00:20]} exd4 {[%emt 0:00:57]} 26. cxd4 { [%emt
0:00:06]} Nxe4 {[%emt 0:00:38]} 27. Qd3 {[%emt 0:01:04]} Bf5 {[%emt 0:00: 35]}
28. Rxe4 {[%emt 0:00:35]} Rxh4 {[%emt 0:00:31]} 29. Re8+ {[%emt 0:00:29]} Qxe8
{[%emt 0:00:12]} 30. Qxf5 {[%emt 0:00:02]} Qe4+ {[%emt 0:00:03]} 31. Qxe4
{[%emt 0:00:12]} Rxe4 {[%emt 0:00:03]} 32. Bc2 {[%emt 0:00:01]} Reg4 {[%emt 0:
00:06]} 33. Bxg6 {[%emt 0:00:02]} Rxg6 {[%emt 0:00:02]} 34. Nf4 {[%emt 0:00:02]
} Rf6 {[%emt 0:00:04]} 35. Nd5 {[%emt 0:00:02]} Rf2 {[%emt 0:00:04]} 36. Nxb6 {
[%emt 0:00:03]} axb6 {[%emt 0:00:04]} 37. Rg1 {[%emt 0:00:01]} Rd2 {[%emt 0:00:
03]} 38. Rf1 {[%emt 0:00:03]} Rxg2 {[%emt 0:00:11]} 39. Rxf7 {[%emt 0:00:02]}
Rg4 {[%emt 0:00:09]} 40. Rf8+ {[%emt 0:00:03]} Ka7 {[%emt 0:00:04]} 41. Rf7 {
[%emt 0:00:02]} c6 {[%emt 0:00:03]} 42. Rf3 {[%emt 0:00:04]} Rxd4 {[%emt 0:00:
04]} 43. Ra3+ {[%emt 0:00:02]} Kb8 {[%emt 0:00:03]} 44. Rb3 {[%emt 0:00:01]}
Kc7 {[%emt 0:00:04]} 45. Kc2 {[%emt 0:00:01]} c5 {[%emt 0:00:03]} 46. Rh3 {
[%emt 0:00:01]} Kc6 {[%emt 0:00:07]} 47. Rh6 {[%emt 0:00:01]} b5 {[%emt 0:00:
04]} 48. Rh3 {[%emt 0:00:01]} b6 {[%emt 0:00:05]} 49. Rh5 {[%emt 0:00:02]} c4 {
[%emt 0:00:05]} 50. Rh3 {[%emt 0:00:01]} d5 {[%emt 0:00:03]} 51. Rh6+ {[%emt 0:
00:02]} Kc5 {[%emt 0:00:02]} 52. Rh3 {[%emt 0:00:00]} b4 {[%emt 0:00:02]} 53.
b3 {[%emt 0:00:03]} c3 {[%emt 0:00:07]} 54. Rg3 {[%emt 0:00:06]} Rd2+ {[%emt 0:
00:06]} 55. Kb1 {[%emt 0:00:03]} b5 {[%emt 0:00:11]} 56. Rf3 {[%emt 0:00:02]}
Kd4 {[%emt 0:00:22]} 57. Rf1 {[%emt 0:00:01]} c2+ {[%emt 0:00:12]} 58. Kc1 {
[%emt 0:00:03]} Rd1+ {[%emt 0:00:03]} 59. Rxd1+ {[%emt 0:00:01]} cxd1=Q+ {
[%emt 0:00:03]} 60. Kxd1 {[%emt 0:00:01]} Kc3 {[%emt 0:00:01]} 61. Kc1 { [%emt
0:00:01]} d4 {[%emt 0:00:02]} 62. Kd1 {[%emt 0:00:04]} d3 {[%emt 0:00:02] } 63.
Kc1 {[%emt 0:00:01]} d2+ {[%emt 0:00:02]} 64. Kd1 {[%emt 0:00:01]} Kb2 { [%emt
0:00:04]} 65. Kxd2 {[%emt 0:00:01]} Kxa2 {[%emt 0:00:02]} 66. Kd3 { [%emt
0:00:01]} Kxb3 {[%emt 0:00:02]} 67. Kd2 {[%emt 0:00:03]} Ka2 {[%emt 0:00: 01]}
68. Kd3 {[%emt 0:00:02]} b3 {[%emt 0:00:01]} 69. Kd4 {[%emt 0:00:01]} b2 {
[%emt 0:00:01]} 70. Ke4 {[%emt 0:00:01]} b1=Q+ {[%emt 0:00:00]} 71. Kd4 { [%emt
0:00:01]} Qc1 {[%emt 0:00:04]} 72. Ke4 {[%emt 0:00:01]} Qd2 {[%emt 0:00: 02]}
73. Ke5 {[%emt 0:00:01]} Kb3 {[%emt 0:00:02]} 74. Ke4 {[%emt 0:00:01]} Kc4
{[%emt 0:00:01]} 75. Ke5 {[%emt 0:00:01]} Qd5+ {[%emt 0:00:01]} 76. Kf4 { [%emt
0:00:01]} Qe6 {[%emt 0:00:01]} 77. Kf3 {[%emt 0:00:01]} Kd3 {[%emt 0:00: 01]}
78. Kf4 {[%emt 0:00:01]} Qe3+ {[%emt 0:00:02]} 79. Kf5 {[%emt 0:00:01]} Qe4+
{[%emt 0:00:02]} 80. Kg5 {[%emt 0:00:01]} Qf3 {[%emt 0:00:02]} 81. Kg6 { [%emt
0:00:01]} b4 {[%emt 0:00:01]} 82. Kg5 {[%emt 0:00:01]} b3 {[%emt 0:00:01] } 83.
Kg6 {[%emt 0:00:01]} b2 {[%emt 0:00:01]} 84. Kg5 {[%emt 0:00:00]} b1=R { [%emt
0:00:02]} 85. Kg6 {[%emt 0:00:00]} Rg1+ {[%emt 0:00:01]} 86. Kh6 { [%emt
0:00:02]} Qh1# {[%emt 0:00:00]} 0-1

[Event "DSJ Weihnachtsturnier U20w 2020"]
[Site "https://play.chessbase.com/en/play?room=DSJWeihnachtU20w"]
[Date "2020.12.29"]
[Round "6"]
[White "Nguyen, Jenny Ha-Linh"]
[Black "Schülke, Rosalie"]
[Result "0-1"]
[Termination "normal"]
[Board "6.3"]
[WhiteElo "1368"]
[BlackElo "1407"]
[WhiteTeam "Schachgemeinschaft Leipzig"]
[BlackTeam "SC Weisse Dame"]
[PlyCount "72"]
[WhiteFideId "16209729"]
[BlackFideId "16287436"]
[EventRounds "7"]
[EventType "team-swiss"]
[EventDate "2020.12.29"]

1. e4 {[%emt 0:00:06]} e6 {[%emt 0:00:03]} 2. d4 {[%emt 0:00:02]} d5 {[%emt 0:
00:01]} 3. exd5 {[%emt 0:00:01]} exd5 {[%emt 0:00:02]} 4. Bd3 {[%emt 0:00:01]}
c5 {[%emt 0:00:03]} 5. c3 {[%emt 0:00:02]} Nf6 {[%emt 0:00:08]} 6. Nf3 { [%emt
0:00:06]} Bd6 {[%emt 0:00:06]} 7. O-O {[%emt 0:00:10]} O-O {[%emt 0:00: 02]} 8.
Bg5 {[%emt 0:00:04]} Bg4 {[%emt 0:00:08]} 9. dxc5 {[%emt 0:00:12]} Bxc5 {[%emt
0:00:02]} 10. Nbd2 {[%emt 0:00:03]} h6 {[%emt 0:00:04]} 11. Bh4 { [%emt
0:00:03]} g5 {[%emt 0:00:10]} 12. Bg3 {[%emt 0:00:02]} Nc6 {[%emt 0:00: 03]}
13. h3 {[%emt 0:00:13]} Bh5 {[%emt 0:00:06]} 14. Re1 {[%emt 0:00:10]} Re8
{[%emt 0:00:07]} 15. Bc2 {[%emt 0:00:11]} Re7 {[%emt 0:00:31]} 16. Nb3 { [%emt
0:00:07]} Bb6 {[%emt 0:00:07]} 17. Qd3 {[%emt 0:00:11]} Bg6 {[%emt 0:00: 20]}
18. Qd2 {[%emt 0:00:07]} Ne4 {[%emt 0:00:26]} 19. Bxe4 {[%emt 0:00:15]} dxe4
{[%emt 0:00:15]} 20. Nfd4 {[%emt 0:00:13]} Nxd4 {[%emt 0:00:16]} 21. Nxd4
{[%emt 0:00:02]} Rd7 {[%emt 0:00:10]} 22. Rad1 {[%emt 0:00:07]} Qf6 {[%emt 0:
00:52]} 23. Qe2 {[%emt 0:01:21]} Bxd4 {[%emt 0:00:18]} 24. cxd4 {[%emt 0:00:06]
} Rxd4 {[%emt 0:00:17]} 25. Rc1 {[%emt 0:00:08]} Rad8 {[%emt 0:00:17]} 26. Red1
{[%emt 0:00:09]} Rxd1+ {[%emt 0:00:29]} 27. Qxd1 {[%emt 0:00:00]} Rxd1+ { [%emt
0:00:08]} 28. Rxd1 {[%emt 0:00:08]} Qxb2 {[%emt 0:00:08]} 29. Rd8+ { [%emt
0:00:05]} Kh7 {[%emt 0:00:05]} 30. Re8 {[%emt 0:00:10]} Qxa2 {[%emt 0:00: 11]}
31. Be5 {[%emt 0:00:02]} f6 {[%emt 0:00:24]} 32. Bxf6 {[%emt 0:00:16]} Bxe8
{[%emt 0:00:02]} 33. Bd4 {[%emt 0:00:14]} Qb1+ {[%emt 0:00:03]} 34. Kh2 { [%emt
0:00:04]} a5 {[%emt 0:00:02]} 35. Kg3 {[%emt 0:00:07]} a4 {[%emt 0:00:04] } 36.
Bc5 {[%emt 0:00:02]} b5 {[%emt 0:00:07]} 0-1